|
|
|
|
| LEADER |
01167nam a22002892a 4500 |
| 001 |
000046321 |
| 003 |
CZ BrMZK |
| 005 |
20081022111154.0 |
| 007 |
ta |
| 008 |
951201s1984 xr f cze d |
| 015 |
|
|
|a cnb000009639
|
| 035 |
|
|
|a (OCoLC)39570370
|
| 040 |
|
|
|a BOA001
|b cze
|
| 100 |
1 |
|
|a Skarlantová, Jana,
|d 1944-
|7 jk01111511
|4 aut
|
| 245 |
1 |
0 |
|a Kultura odívání mládeže jako součást socialistického životního způsobu /
|c Jana Skarlantová
|
| 250 |
|
|
|a 1. vyd.
|
| 260 |
|
|
|a Praha :
|b Státní pedagogické nakladatelství,
|c 1984
|
| 300 |
|
|
|a 149 s.
|
| 504 |
|
|
|a Obsahuje bibliografii
|
| 710 |
2 |
2 |
|a Ústřední ústav pro vzdělávání pedagogických pracovníků
|7 kn20050412003
|
| 910 |
|
|
|a BOA001
|b PK-N-0023.196
|b 4-0879.945
|
| 964 |
|
|
|a Mládež - odívání - rozbory
|
| 964 |
|
|
|a Odívání - dějiny - učebnice - školy vysoké
|
| 964 |
|
|
|a Styl životní socialistický - odívání - vztahy - rozbory
|
| 990 |
|
|
|a BK
|
| 996 |
7 |
|
|b 2618906698
|c 4-0879.945
|l MZK
|r Sklad / do 1 hodiny
|n 2
|w 000046321
|u 000020
|a 1
|e BOA001
|j MZK50
|s A
|
| 996 |
7 |
|
|b 3119983277
|c PK-N-0023.196
|l MZK
|r Sklad / do 1 hodiny
|n 11
|w 000046321
|u 000010
|a 1
|e BOA001
|j MZK50
|s A
|